000 00879nam a2200253Ia 4500
003 OSt
005 20220930090505.0
006 a|||||r|||| 00| 0
007 ta
008 220926b |||||||| |||| 00| 0 eng d
024 _a117363
037 _cTheses
040 _aCRL
_cCRL
_beng
041 _2eng
_aeng
100 _aChinnadurai S.
_9542670
110 _aUniversity of Delhi. Faculty of Inter Disciplinary & Applied Sciences. Department of Biochemistry
245 0 _aResponse of glioblastoma cell lines to potentially cytotoxic agents in normoxic and hypoxic conditions
260 _c2011
650 _aBIOCHEMISTRY
700 _a Prof. Debi P. Sarkar Gu.
700 _aUniversity of Delhi. Faculty of Inter Disciplinary & Applied Sciences. Department of Biochemistry
942 _cDIS
_2CC
999 _c880640
_d880640